Language Quiz

Random Language Quiz

Greek verbs Quiz Stats

 Plays Quiz not verified by Sporcle

Support Sporcle.
Go Orange.
Score 0/32 Timer 06:00
0 Plays Today
medical roots definition % Correct
kine-move
84.6%
aut-self
69.2%
graph-write
69.2%
phil-love
69.2%
rhin-nose
69.2%
therap(eu)-treat medically
61.5%
rhe-flow
50%
orth-straight
46.2%
path-disease
46.2%
esthe(s)sensation
42.3%
gram-a record
42.3%
iatr-healer
42.3%
kines(i)-movement
42.3%
ly(s)-destroy
42.3%
ot-ear
42.3%
tel-end
42.3%
medical roots definition % Correct
myx-mucus
38.5%
scop-look at
38.5%
ten-, tenon(t)-tendon
38.5%
gen(e), -gencome into being
34.6%
idi-of one's self
34.6%
pyr-fever
34.6%
pyret-fever
34.6%
rhex-rupture
34.6%
sep-infected
34.6%
crin-secretion
30.8%
pyrexfeverish
30.8%
rhag-flow profusely
30.8%
ton-tone
30.8%
pt-sag
26.9%
ta-stretching
23.1%
tom-a cutting
23.1%

You're not logged in!

Compare scores with friends on all Sporcle quizzes.
OR
Log In

From the Vault

MLB Most Hits with 2011 Team

by JayHallahan

Sounds like these guys have had plenty of time to get to know their opponent's infield.
Remove Ads.
Support Sporcle.
Get the best of Sporcle when you Go Orange. This ad-free experience offers more features, more stats, and more fun while also helping to support Sporcle. Thank you for becoming a member.

Show Comments

Extras

Created Mar 13, 2011ReportNominate
Tags:Greek, Medical, Root Words

Top Quizzes Today


Score Distribution

Your Account Isn't Verified!

In order to create a playlist on Sporcle, you need to verify the email address you used during registration. Go to your Sporcle Settings to finish the process.

Report this User

Report this user for behavior that violates our Community Guidelines.

Details: